Photoshop 6.0 A to Z (Record no. 53526)

MARC details
000 -LEADER
fixed length control field 00574nam a2200169 a 4500
008 - FIXED-LENGTH DATA ELEMENTS--GENERAL INFORMATION
fixed length control field 120416s2001 ||||||||||||||||| || u
020 ## - INTERNATIONAL STANDARD BOOK NUMBER
International Standard Book Number 0240516559
050 ## - LIBRARY OF CONGRESS CALL NUMBER
Classification number QA 76.73.P8 Bar
100 ## - MAIN ENTRY--PERSONAL NAME
Personal name Bargh, Peter
245 10 - TITLE STATEMENT
Title Photoshop 6.0 A to Z
246 ## - VARYING FORM OF TITLE
Title proper/short title the essential visual reference guide
260 ## - PUBLICATION, DISTRIBUTION, ETC.
Place of publication, distribution, etc. Oxford
Name of publisher, distributor, etc. Focal Press
Date of publication, distribution, etc. 2001
300 ## - PHYSICAL DESCRIPTION
Extent 170p. : ill
350 ## - PRICE (NR) (BK AM CF MU VM SE) [OBSOLETE]
Price 0.00
650 ## - SUBJECT ADDED ENTRY--TOPICAL TERM
Topical term or geographic name entry element PHOTOSHOP 6.0
995 ## - RECOMMENDATION 995 [LOCAL, UNIMARC FRANCE]
-- 0.00
-- CBU-MAIN LIBRARY (Kitwe)
-- 1
-- 14.95
-- 1
-- AVAILABLE
-- Main Library Open Access Collection
Holdings
Withdrawn status Lost status Source of classification or shelving scheme Damaged status Not for loan Home library Current library Shelving location Date acquired Total Checkouts Full call number Barcode Date last seen Price effective from Koha item type
          CBU-MAIN LIBRARY, KITWE. CBU-MAIN LIBRARY, KITWE.   11/30/2022   QA 76.73.P8 Bar 38435 11/30/2022 11/30/2022 MONOGRAPH